| 000 | 00523nam a2200181 i 4500 | ||
|---|---|---|---|
| 001 | 103756 | ||
| 003 | ES-MaACL | ||
| 007 | t| | ||
| 008 | 051117s1974 sp ||||1| spa d | ||
| 100 | 1 |
_aMesanza López, Jesús. _980648 |
|
| 245 | 1 | 0 |
_aOrtografía programada / _cJesús Mesanza López. |
| 260 |
_aMadrid : _bEd. del Castillo, _c1974. |
||
| 300 |
_a117 p. ; _c21 cm. |
||
| 490 | 1 | _aDidáctica programada | |
| 830 | 0 |
_aDidáctica programada _9232601 |
|
| 852 |
_aES-MaACL _jE-7082 _bR.91816 |
||
| 999 |
_c103756 _d103756 |
||